| 000 | 00425nam a22001697a 4500 | ||
|---|---|---|---|
| 003 | NUST - PNEC | ||
| 005 | 20170116181152.0 | ||
| 008 | 151205b xxu||||| |||| 00| 0 eng d | ||
| 020 | _a- | ||
| 040 | _cLIBRARY | ||
| 082 | _a660 GYN | ||
| 100 |
_915559 _aGyngell, Eric |
||
| 245 |
_aApplied chemistry for engineers. _cEric Gyngell, |
||
| 260 | _cc1960. | ||
| 650 |
_915560 _aChemistry, Technical _xME- |
||
| 942 |
_2ddc _cBK |
||
| 999 |
_c71018 _d71018 |
||